|
|
|
|
| LEADER |
00896nam a2200337 4500 |
| 001 |
DLU050048503 |
| 005 |
##20050923 |
| 040 |
# |
# |
|a DLU
|b vie
|
| 041 |
# |
# |
|a vie
|
| 044 |
# |
# |
|a vn
|
| 082 |
# |
# |
|a 658.8
|b KO-P
|
| 100 |
# |
# |
|a Kotler, Philip
|
| 245 |
# |
# |
|a Những nguyên lý tiếp thị =
|b Principles of marketing.
|n t.II /
|c Philip Kotler, Gary Armstrong; Huỳnh Văn Thanh dịch
|
| 246 |
# |
# |
|a Principles of marketing
|
| 260 |
# |
# |
|a H. :
|b Thống kê,
|c 2004
|
| 300 |
# |
# |
|a 650 tr. :
|b minh hoạ ;
|c 23 cm
|
| 653 |
# |
# |
|a Kinh tế thị trường
|
| 653 |
# |
# |
|a Tiếp thị
|
| 700 |
# |
# |
|a Armstrong, Gary
|
| 700 |
# |
# |
|a Huỳnh Văn Thanh
|e dịch
|
| 923 |
# |
# |
|a 39/2005
|
| 990 |
# |
# |
|a t.II
|
| 992 |
# |
# |
|a 105.000
|
| 994 |
# |
# |
|a DLU
|
| 900 |
# |
# |
|a True
|
| 911 |
# |
# |
|a Đào Thị Thu Huyền
|
| 925 |
# |
# |
|a G
|
| 926 |
# |
# |
|a A
|
| 927 |
# |
# |
|a SH
|
| 980 |
# |
# |
|a Thư viện Trường Đại học Đà Lạt
|